Železiarne Podbrezová, a.s. analýza spoločnosti
Analýza spoločnosti Železiarne Podbrezová, a.s. Výrobný program. Situácia na trhoch. Finančná situácia. Štruktúra pasív spoločnosti. Štruktúra cudzích zdrojov. Finančná analýza spoločnosti.
Saved in:
| Main Author: | |
|---|---|
| Format: | Book Chapter |
| Language: | Slovak English |
| Subjects: | |
| Tags: |
No Tags, Be the first to tag this record!
|
MARC
| LEADER | 00000naa a2200000 4500 | ||
|---|---|---|---|
| 001 | r035120 | ||
| 005 | 20230426112552.0 | ||
| 041 | 0 | |a slo | |
| 041 | 0 | |a eng | |
| 044 | |a SK | ||
| 245 | 1 | 0 | |a Železiarne Podbrezová, a.s. |b analýza spoločnosti |c Martin Ilavský |
| 520 | |a Analýza spoločnosti Železiarne Podbrezová, a.s. Výrobný program. Situácia na trhoch. Finančná situácia. Štruktúra pasív spoločnosti. Štruktúra cudzích zdrojov. Finančná analýza spoločnosti. | ||
| 610 | 2 | 0 | |a analýza finančná |
| 610 | 2 | 0 | |a podnik |
| 610 | 2 | 0 | |a Slovensko |
| 610 | 2 | 0 | |a železiarne |
| 610 | 2 | 0 | |a Železiarne Podbrezová, a.s. |
| 610 | 2 | 0 | |a 1995-1998 |
| 100 | 1 | |a Ilavský, Martin | |